000 00927nam a22003137a 4500
001 BR0502074
003 BR-BrBNA
005 20230928101900.0
007 ta
008 230509b bl.||||| |||| 00| 0 por d
040 _aBR-BrBNA
_bpor
_cBiblioteca Nacional de Agricultura
041 _a(Por)
072 _aC20; N01
090 _ C20 BR0502074
100 1 _aPaula, O.J. de
100 1 _aAlmeida, L.C.
100 1 _aPaiva, L.R.A.
110 1 _aServiço Nacional de Aprendizagem Rural, Brasília, DF (Brasil)
245 1 _aCerqueiro: cercas elétricas; da escolha do material à montagem da sustentação da cerca
_bColeção SENAR - 56
250 1 _a2. ed.
260 3 _aBrasília, DF (Brasil):
_c2004.
300 _a75 p.
500 _a5 tables; 81 illus.
650 _aCERCA ELÉTRICA
650 _aCONSTRUÇÃO RURAL
650 _aEXTENSÃO RURAL
909 _a202309
_bLucia
_c55
_dLucia Elande
942 _cBK
999 _c68043
_d68043